[Event "Bekasi Scua op 2nd"]
[Site "Bekasi"]
[Date "2022.04.16"]
[Round "7"]
[White "Michael, Owen"]
[Black "Rismanto, Ricky"]
[Result "1/2-1/2"]
[WhiteElo "1991"]
[BlackElo "2049"]
[PlyCount "78"]
[EventDate "2022.04.13"]
[EventType "swiss"]
[EventRounds "9"]
[EventCountry "INA"]
[SourceTitle "EXT 2023"]
[Source "ChessBase"]
[SourceDate "2022.10.05"]
[SourceVersion "1"]
[SourceVersionDate "2022.10.05"]
[SourceQuality "1"]

1. e4 c5 2. Nf3 d6 3. d4 cxd4 4. Nxd4 Nf6 5. Nc3 a6 6. Be3 e5 7. Nb3 Be6 8. f3 Be7 9. Qd2 Nbd7 10. 0-0-0 b5 11. Kb1 Qc7 12. g4 Nb6 13. Bxb6 Qxb6 14. g5 Nh5 15. h4 0-0 16. Bh3 Nf4 17. Nd5 Bxd5 18. exd5 a5 19. Bd7 a4 20. Nc1 b4 21. Bc6 Ra5 22. Ne2 Nxe2 23. Qxe2 b3 24. cxb3 axb3 25. a3 f5 26. f4 e4 27. Rh3 Rc5 28. Qe3 Qa7 29. h5 Rb8 30. h6 g6 31. Qd4 Bd8 32. Qg7+ Qxg7 33. hxg7 Kxg7 34. Rh6 Ba5 35. Rdh1 Rh8 36. R1h3 Bd2 37. Rxb3 Rf8 38. Rbh3 Rh8 39. b3 Kf8 1/2-1/2

[Event "Bekasi Scua op 2nd"]
[Site "Bekasi"]
[Date "2022.04.14"]
[Round "2"]
[White "Rismanto, Ricky"]
[Black "Hakky, Madya"]
[Result "1/2-1/2"]
[WhiteElo "2049"]
[BlackElo "1712"]
[PlyCount "89"]
[EventDate "2022.04.13"]
[EventType "swiss"]
[EventRounds "9"]
[EventCountry "INA"]
[SourceTitle "EXT 2023"]
[Source "ChessBase"]
[SourceDate "2022.10.05"]
[SourceVersion "1"]
[SourceVersionDate "2022.10.05"]
[SourceQuality "1"]

1. d4 d5 2. e4 c6 3. Nc3 dxe4 4. Nxe4 Bf5 5. Ng3 Bg6 6. Nf3 Nd7 7. Nh4 e6 8. Nxg6 hxg6 9. Qf3 Ngf6 10. Bd2 Bd6 11. 0-0-0 a5 12. Bf4 Qc7 13. Bxd6 Qxd6 14. h4 a4 15. a3 Rb8 16. h5 g5 17. Kb1 b5 18. c3 g4 19. Qe2 Qd5 20. f3 gxf3 21. Qxf3 Qxf3 22. gxf3 c5 23. dxc5 Nxc5 24. Rh4 Nd5 25. Re1 Kf8 26. c4 bxc4 27. Rxc4 Nd7 28. Rec1 Ne5 29. Rxa4 Nxf3 30. Ka2 Nf6 31. Be2 Ne5 32. b4 g6 33. Ra5 Nd5 34. Rac5 Kg7 35. b5 Nd7 36. Rc6 Nf4 37. hxg6 Nxe2 38. Nxe2 Rh2 39. R1c2 Rxb5 40. gxf7 Kxf7 41. Rxe6 Kxe6 42. Nd4+ Kd5 43. Rxh2 Kxd4 44. Rd2+ Ke3 45. Rxd7 1/2-1/2

[Event "Penang op 10th"]
[Site "Penang"]
[Date "2018.12.05"]
[Round "4"]
[White "Rismanto, Ricky"]
[Black "Li, Guohao"]
[Result "1/2-1/2"]
[WhiteElo "2116"]
[BlackElo "1955"]
[PlyCount "63"]
[EventDate "2018.12.03"]
[EventType "swiss"]
[EventRounds "9"]
[EventCountry "MAS"]
[SourceTitle "CBM 187 Extra"]
[Source "ChessBase"]
[SourceDate "2018.11.04"]
[SourceVersion "1"]
[SourceVersionDate "2018.11.04"]
[SourceQuality "1"]

1. d4 d5 2. Nf3 Nf6 3. Bf4 c6 4. e3 e6 5. Nbd2 Bd6 6. Bg3 b6 7. Bd3 Bb7 8. Ne5 0-0 9. Qe2 c5 10. c3 Qc7 11. 0-0 Nbd7 12. f4 Ne4 13. Bxe4 dxe4 14. Nxd7 Qxd7 15. Rfd1 cxd4 16. cxd4 Rac8 17. Rdc1 f5 18. Qd1 Bd5 19. a4 Rxc1 20. Rxc1 Rc8 21. Rc2 Bb4 22. Be1 Rxc2 23. Qxc2 Qc6 24. Qd1 b5 25. Nf1 Bxe1 26. Qxe1 bxa4 27. h4 h6 28. Ng3 Qb5 29. Qc1 Qc4 30. Qd2 Kh7 31. Kh2 Qb3 32. Qc1 1/2-1/2

[Event "Jakarta Gunadarma"]
[Site "Jakarta"]
[Date "2018.07.26"]
[Round "7"]
[White "Singgih, Diajeng Theresa"]
[Black "Rismanto, Ricky"]
[Result "0-1"]
[WhiteElo "1894"]
[BlackElo "2093"]
[PlyCount "52"]
[EventDate "2018.07.20"]
[EventType "tourn"]
[EventRounds "10"]
[EventCountry "INA"]
[SourceTitle "CBM 186 Extra"]
[Source "ChessBase"]
[SourceDate "2018.08.24"]
[SourceVersion "1"]
[SourceVersionDate "2018.08.24"]
[SourceQuality "1"]

1. e4 c5 2. Nf3 d6 3. d4 cxd4 4. Nxd4 Nf6 5. Nc3 a6 6. Bc4 e6 7. Bb3 Bd7 8. 0-0 Nc6 9. f4 Qc7 10. Be3 Be7 11. f5 Nxd4 12. Bxd4 e5 13. Bf2 Bc6 14. Re1 b5 15. a3 Rd8 16. Bh4 d5 17. exd5 Nxd5 18. Bxe7 Qxe7 19. Qe2 Nxc3 20. bxc3 0-0 21. a4 Qg5 22. h4 Qxh4 23. axb5 axb5 24. Ra6 Ba8 25. Qxe5 Rd2 26. Bxf7+ Kh8 0-1

[Event "Singapore op"]
[Site "Singapore"]
[Date "2004.12.18"]
[Round "9"]
[White "Yeo, Min Yang Evan"]
[Black "Rismanto, Ricky"]
[Result "1/2-1/2"]
[WhiteElo "2245"]
[BlackElo "2169"]
[PlyCount "71"]
[EventDate "2004.12.11"]
[EventType "swiss"]
[EventRounds "9"]
[EventCountry "SIN"]
[SourceTitle "CBM 103 Extra"]
[Source "ChessBase"]
[SourceDate "2005.01.01"]
[SourceVersion "1"]
[SourceVersionDate "2005.01.01"]
[SourceQuality "1"]

1. e4 c5 2. Nf3 a6 3. c4 d6 4. d4 cxd4 5. Nxd4 Nf6 6. Nc3 e6 7. Be2 Be7 8. 0-0 Qc7 9. Be3 b6 10. Rc1 Bb7 11. f3 Nbd7 12. Qd2 0-0 13. a3 Rac8 14. b4 Qb8 15. Rc2 Rfe8 16. Rb1 Bd8 17. Kh1 d5 18. exd5 exd5 19. c5 bxc5 20. bxc5 Nxc5 21. Nf5 Qe5 22. Bxc5 Rxc5 23. Qg5 Ne4 24. Nh6+ Kf8 25. Qxe5 Rxe5 26. fxe4 gxh6 27. Rxb7 Ba5 28. g3 Rxc3 29. Rxc3 Bxc3 30. Bxa6 dxe4 31. Kg2 Bd4 32. Rb5 Re6 33. Bc8 Re8 34. Bg4 e3 35. Kf1 Ra8 36. Rb3 1/2-1/2